000 00644nam a2200181Ia 4500
008 090124s9999 xx 000 0 und d
082 _b27969
100 _aरानडे डॉ. गो. मो.
245 _a महात्मा ज्योतिबा फुले
250 _a1
260 _bमंगल प्रकाशन
_c1989
300 _a73
600 _aरानडे डॉ. गो. मो.
630 _a महात्मा ज्योतिबा फुले
700 _aरानडे डॉ. गो. मो.
730 _a महात्मा ज्योतिबा फुले
942 _cBOOK
999 _c94491
_d94491